=LDR 00000nam 2200000 4500 =001 INLIS000000000012861 =005 20201120071220 =035 ##$$a 0010-061300000012861 =008 201120################g##########0#ind## =041 ##$$a Ind =082 ##$$a 324.259 8 =090 ##$$a 324.259 8, Put p =100 ##$$a Putra, Fadillah =245 1#$$a Partai politik dan kebijakan publik : $b Analisis terhadap kongruensi janji politik partai dengan Realisasi produk kebijakan publik diindonesia 1999-2003 /$c Fadillah Putra =260 ##$$a Malang :$b Pustaka Pelajar,$c 2003 =300 ##$$a xii, 221 hlm ; $c 20 x 15 cm =650 #4$$a Partai politik =650 #4$$a Indonesia =850 ##$$a NBPNMAT =020 ##$$a 979-3237-87-2 =084 ##$$a 324.259 8 PUT p =504 ##$$a Bibliografi: halaman 217-220 =990 ##$$a 10400430